Normal view
MARC view
- Flores, Eleanor.
Entry Personal Name
001 - CONTROL NUMBER
- control field: 50825
003 - CONTROL NUMBER IDENTIFIER
- control field: OSt
005 - DATE AND TIME OF LATEST TRANSACTION
- control field: 20240125111839.0
008 - FIXED-LENGTH DATA ELEMENTS
- fixed length control field: 240125|| aca||aabn | a|a d
040 ## - CATALOGING SOURCE
- Original cataloging agency: OSt
- Transcribing agency: OSt
100 ## - HEADING--PERSONAL NAME
- Personal name: Flores, Eleanor.
670 ## - SOURCE DATA FOUND
- Source citation: Work cat.: (OSt): Flores, Eleanor., Meteorology /, ©2023.
